| 000 | 00461nam a2200169Ia 4500 | ||
|---|---|---|---|
| 008 | 220204s9999 xx 000 0 und d | ||
| 020 | _a9789332586550 | ||
| 082 |
_a339.9 _bKRU |
||
| 100 | _aKrugman, Paul | ||
| 245 | 0 | _aInternational economics: Theory and policy | |
| 250 | _a10 | ||
| 260 |
_aNoida _bPearson India Education Services _c2018 |
||
| 300 | _a783p. | ||
| 650 | _aInternational tade policyExchange rates | ||
| 650 | _aOpen economy | ||
| 942 | _cBK | ||
| 999 |
_c43232 _d43232 |
||